|
|
|
|
| LEADER |
00000nam0a2200000 4500 |
| 001 |
325208 |
| 005 |
20231102003737.0 |
| 035 |
|
|
|a (RuTPU)RU\TPU\book\350820
|
| 090 |
|
|
|a 325208
|
| 100 |
|
|
|a 20161130d1988 k y0rusy50 ca
|
| 101 |
0 |
|
|a rus
|
| 102 |
|
|
|a RU
|
| 105 |
|
|
|a y dm 001zy
|
| 200 |
1 |
|
|a Формирующие устройства сильноточных ускорителей электронов и генераторы импульсных магнитных полей для релятивистской высокочастотной электроники
|e автореферат диссертации на соискание ученой степени кандидата технических наук
|f Б. З. Мовшевич
|g Томский политехнический институт (ТПИ) ; науч. рук. Г. А. Месяц
|
| 210 |
|
|
|a Томск
|c [Б. и.]
|d 1988
|
| 215 |
|
|
|a 21 с.
|
| 300 |
|
|
|a Защита сост. 19.10.1988 г.
|
| 320 |
|
|
|a Библиогр.: с. 18-21 (20 назв.)
|
| 371 |
0 |
|
|a For_staff_use
|
| 606 |
1 |
|
|a Сильноточные ускорители
|2 stltpush
|3 (RuTPU)RU\TPU\subj\54820
|9 72901
|
| 606 |
1 |
|
|a Генераторы импульсные высоковольтные
|2 stltpush
|3 (RuTPU)RU\TPU\subj\5700
|9 33708
|
| 610 |
1 |
|
|a высоковольтные наносекундные импульсы
|
| 610 |
1 |
|
|a микросекундные импульсы
|
| 610 |
1 |
|
|a формирование
|
| 610 |
1 |
|
|a релятивистская высокочастотная электроника
|
| 610 |
1 |
|
|a импульсные магнитные поля
|
| 610 |
1 |
|
|a генерирование
|
| 610 |
1 |
|
|a авторефераты диссертаций
|
| 675 |
|
|
|a 621.384.6(04)
|v 4
|
| 675 |
|
|
|a 621.373.14(04)
|v 4
|
| 700 |
|
1 |
|a Мовшевич
|b Б. З.
|g Борис Зямович
|
| 702 |
|
1 |
|a Месяц
|b Г. А.
|c российский физик
|c академик, вице-президент РАН
|c выпускник Томского политехнического института
|f 1936-
|g Геннадий Андреевич
|2 stltpush
|3 (RuTPU)RU\TPU\pers\17099
|4 727
|
| 712 |
0 |
2 |
|a Томский политехнический институт (ТПИ)
|c (1944-1991)
|2 stltpush
|3 (RuTPU)RU\TPU\col\1123
|
| 801 |
|
1 |
|a RU
|b 63413507
|c 20161130
|
| 801 |
|
2 |
|a RU
|b 63413507
|c 20181003
|g RCR
|
| 942 |
|
|
|c BK
|